| 000 | 00371nam a2200133Ia 4500 | ||
|---|---|---|---|
| 008 | 190216s9999||||xx |||||||||||||| ||und|| | ||
| 100 | _a"Hobart H Willard, Lynne L Merritt And John A Dean" | ||
| 245 | 0 | _aInstrumental Methods Of Analysis | |
| 250 | _a5th Ed. | ||
| 260 |
_bAffiliated East West Press _c1974 |
||
| 300 | _a860 | ||
| 650 | _aChemistry-Chemistry | ||
| 942 | _cBK | ||
| 999 |
_c2352 _d2352 |
||